000
00322nam a2200145Ia 4500
008
150301s2015 xx 000 0 und d
082
_a
612
_b
P95S
100
_a
SALISBURY, FRANK B.
245
_a
PLANT PHYSIOLOGY
250
_a
3RD
260
_b
CBS- DELHI
300
_a
540
650
_a
PHARMACEUTICS
942
_2
ddc
_c
BK
999
_c
7345
_d
7345